000 00738nam a2200253Ia 4500
003 OSt
005 20221005024950.0
006 a|||||r|||| 00| 0
007 ta
008 221004b |||||||| |||| 00| 0 ara d
020 _a977112060 (pbk)
_c70
024 _a39558
037 _b02, 26/03/2007, Nadwi Publications
_cTextual
040 _aCRL
_cCRL
_bara
041 _2ara
_aara
082 _aO28,3NSU1,12, P6
100 _aIdrees Yusuf Au.
245 0 _aQaa al-madina
260 _aCairo
_bMaktaba-e-Misr
_c2006
300 _a143p.
_ccm.
650 _aARABIC FICTION
_964594
942 _hO28,3NSU1,12, P6
_cTEXL
_2cc
999 _c933822
_d933822